01562nam a2200289Ia 4500008004100000020001400041020001800055040001800073041000800091060001000099245011400109250001200223260005700235300003900292490005200331504005200383505052200435650002000957650001500977650001700992650002901009650003901038700002901077700002801106700002601134856011201160130821s2005 ne a grff eng  a122386620 a9780122386626 aCo-BoUCMbspa00aeng10aQT 3600aIntroduction to biomedical engineeringceditores, John D. Enderle, Susan M. Blanchard, and Joseph D. Bronzino a2nd ed. aÁmsterdam (Holanda)bElsevier Academic Pressc2005 axxi, 1118 páginasbilustraciones 0aAcademic Press series in biomedical engineering aIncluye referencias bibliográficas e índice0 tBiomedical engineering: an historical perspective --tMoral and ethical issues --tAnatomy and physiology -- Biomechanics --tRehabilitation engineering and assistive technology --tBiomaterials --tTissue engineering --tBioinstrumentation --tBiomedical sensors --tBiosignal processing --tBioelectric phenomena --tPhysiological modeling and compartmental analysis --tGenomics and bioinformatics --tComputational biology and complexity --tRadiation imaging --tMedical imaging --tBiomedical optics and lasers.04aBioingeniería04aBiología04aFisiología04aIngeniería biomédica04aIngeniería biomédicavManuales1 aBlanchard, Susan M.eed.1 aBronzino, Joseph D.eed1 aEnderle, John D.eed.41zConsulte la tabla de contenido haciendo clic aquíuhttp://www.loc.gov/catdir/toc/ecip055/2004030223.html